Central Library OPAC University of Rajshahi

The Irish dramatic movement / (Record no. 16882)

MARC details
000 -LEADER
fixed length control field 00851cam a2200277 i 4500
001 - CONTROL NUMBER
control field 16882
003 - CONTROL NUMBER IDENTIFIER
rucl marc code BD-RjUL
005 - DATE AND TIME OF LATEST TRANSACTION
control field 20211209000049.0
008 - FIXED-LENGTH DATA ELEMENTS--GENERAL INFORMATION
fixed length control field 140215s1954 enk b 001 0 eng
020 ## - INTERNATIONAL STANDARD BOOK NUMBER
International Standard Book Number 0416707505
035 ## - SYSTEM CONTROL NUMBER
System control number (BD-RjUL)16937
040 ## - CATALOGING SOURCE
Original cataloging agency DLC
Transcribing agency DLC
Modifying agency DLC
Language of cataloging eng
041 ## - LANGUAGE CODE
Language code of text/sound track or separate title eng
082 00 - DEWEY DECIMAL CLASSIFICATION NUMBER
Classification number 822.91209
Author mark and year ELI 1954
100 2# - MAIN ENTRY--PERSONAL NAME
Personal name Ellis-Fermor, Una Mary,
Dates associated with a name 1894-1958.
9 (RLIN) 52116
245 14 - TITLE STATEMENT
Title The Irish dramatic movement /
Statement of responsibility, etc. Una Ellis-Fermor.
250 ## - EDITION STATEMENT
Edition statement 2d ed.
260 ## - PUBLICATION, DISTRIBUTION, ETC. (IMPRINT)
Place of publication, distribution, etc. London :
Name of publisher, distributor, etc. Methuen ;
Place of publication, distribution, etc. Totowa, N.J. :
Name of publisher, distributor, etc. Rowman and Littlefield,
Date of publication, distribution, etc. 1954.
300 ## - PHYSICAL DESCRIPTION
Pagination xiv, 240 p. ;
Size 23 cm.
504 ## - BIBLIOGRAPHY, ETC. NOTE
Bibliography, etc Includes bibliographies and index.
650 #0 - SUBJECT ADDED ENTRY--TOPICAL TERM
Topical term or geographic name as entry element English drama
General subdivision Irish authors
-- History and criticism.
9 (RLIN) 50760
651 #0 - SUBJECT ADDED ENTRY--GEOGRAPHIC NAME
Geographic name Ireland
General subdivision In literature.
9 (RLIN) 52117
942 ## - ADDED ENTRY ELEMENTS (KOHA)
Source of classification or shelving scheme Dewey Decimal Classification
Koha item type Books
Holdings
Lost status Source of classification or shelving scheme Damaged status Not for loan Collection code Permanent Location Current Location Shelving location Date acquired Source of acquisition Cost, normal purchase price Total Checkouts Full call number Date last seen Copy number Koha item type
  Dewey Decimal Classification     Non-fiction Central Library, University of Rajshahi Central Library, University of Rajshahi   06/04/1956 ABC 14.10   822.91209 ELI 1954 15/02/2014 C-2 Books